| 000 | 00610nam a2200181Ia 4500 | ||
|---|---|---|---|
| 008 | 140527s9999 xx 000 0 und d | ||
| 020 | _a9781425806668 | ||
| 050 |
_aLB 1050.5 _b.B534 2011 |
||
| 100 | _aBerry, Almitra L. | ||
| 245 |
_aEffecting change intervention for culturally and linguistically diverse learners/ _cAlmitra L. Berry. |
||
| 260 |
_aHuntington Beach, CA : _bShell Education, _cc2011. |
||
| 300 |
_a200 p. : _bill. ; _c24 cm. |
||
| 500 | _aIncludes bibliographical references. | ||
| 521 | _aSPED | ||
| 650 |
_aLearning disabled children _xEducation |
||
| 942 |
_kFOR _cBK |
||
| 999 |
_c117392 _d117392 |
||